Los viajes de Ulises / (Registro nro. 49914)
[ vista simple ]
| 000 -LEADER | |
|---|---|
| fixed length control field | 00792nam a2200253 a 4500 |
| 001 - CONTROL NUMBER | |
| control field | 49914 |
| 005 - DATE AND TIME OF LATEST TRANSACTION | |
| control field | 20180714034805.0 |
| 008 - FIXED-LENGTH DATA ELEMENTS--GENERAL INFORMATION | |
| fixed length control field | 140415s2003 mx a r 000 0 spa d |
| 020 ## - INTERNATIONAL STANDARD BOOK NUMBER | |
| International Standard Book Number | 9682324882 |
| 041 ## - LANGUAGE CODE | |
| Language code of text/sound track or separate title | spa |
| 082 0# - DEWEY DECIMAL CLASSIFICATION NUMBER | |
| Classification number | 860 |
| Item number | CAT |
| 100 1# - MAIN ENTRY--PERSONAL NAME | |
| Personal name | Catherine Anne, |
| Relator term | autor |
| 245 14 - TITLE STATEMENT | |
| Title | Los viajes de Ulises / |
| Statement of responsibility, etc. | Anne-Catherine. |
| 250 ## - EDITION STATEMENT | |
| Edition statement | [Primera edición] |
| 264 #1 - PRODUCTION, PUBLICATION, DISTRIBUTION, MANUFACTURE, AND COPYRIGHT NOTICE | |
| Place of production, publication, distribution, manufacture | México : |
| Name of producer, publisher, distributor, manufacturer | Siglo XXI Editores, |
| Date of production, publication, distribution, manufacture, or copyright notice | 2003 |
| 300 ## - PHYSICAL DESCRIPTION | |
| Extent | 127 páginas : |
| Other physical details | ilustraciones ; |
| Dimensions | 21 cm. |
| 336 ## - CONTENT TYPE | |
| Content type term | texto |
| Source | rdacontent |
| 337 ## - MEDIA TYPE | |
| Media type term | sin mediación |
| Source | rdamedia |
| 338 ## - CARRIER TYPE | |
| Carrier type term | volumen |
| Source | rdacarrier |
| 490 0# - SERIES STATEMENT | |
| Series statement | Una lectura con juegos para descubrir a los clásicos |
| Volume/sequential designation | 2 |
| 650 #4 - SUBJECT ADDED ENTRY--TOPICAL TERM | |
| Topical term or geographic name entry element | Novela de aventuras |
| 650 #4 - SUBJECT ADDED ENTRY--TOPICAL TERM | |
| Topical term or geographic name entry element | Literatura española |
| 700 1# - ADDED ENTRY--PERSONAL NAME | |
| Personal name | Careaga, Josefina, |
| Relator term | traductor |
| Withdrawn status | Lost status | Source of classification or shelving scheme | Damaged status | Not for loan | Collection code | Home library | Current library | Shelving location | Date acquired | Source of acquisition | Inventory number | Total Checkouts | Full call number | Barcode | Date last seen | Date last checked out | Price effective from | Koha item type |
|---|---|---|---|---|---|---|---|---|---|---|---|---|---|---|---|---|---|---|
| Dewey Decimal Classification | General | Biblioteca Karol Wojtyla | Biblioteca Karol Wojtyla | Sala general | 18/01/2017 | Compra | 151000000000000000032680 | 860 CAT 2003 | 96853 | 30/01/2026 | 24/03/2017 | 18/01/2017 | Libro |